MY PETS, YOUR PETS, OUR PETS

"A look at how pets are similar and different throughout the world, told through song."

Bibliographic Details
Main Authors: Berne, Emma Carlson (Author), Oblinger, Mark (Composer)
Other Authors: Stevanovic, Tanja (Illustrator)
Format: Book
Language:English
Published: North Mankato, MN : CANTATA LEARNING 2019
Subjects:

MARC

LEADER 00000cam a2200000 7i4500
001 0000134455
005 20200115.0
008 200114s2019 us a g 0 eng
020 |a 9781684102921 
040 |a PERPUSTAM   |b eng   |c PERPUSTAM   |e rda 
090 0 0 |a J 636.088   |b ECB 
100 1 |a Berne, Emma Carlson ,   |e author 
245 1 0 |a MY PETS, YOUR PETS, OUR PETS   |c By EMMA CARLSON BERNE; Illustrated by: TANJA STEVANOVIC; Music by: MARK OBLINGER 
264 1 |a North Mankato, MN :   |b CANTATA LEARNING   |c 2019 
300 |a 24 pages :   |b color illustrations ;   |c 23 cm. 
336 |a text, rdacontent 
337 |a unmediated  |2 rdamedia 
338 |a volume  |2 rdacarrier 
500 |a Includes lyrics and sheet music 
504 |a Includes bibliographical references 
520 0 |a "A look at how pets are similar and different throughout the world, told through song." 
650 1 0 |a Pets   |v Juvenile literature 
650 2 0 |a Animals and civilization   |v Juvenile literature 
650 2 0 |a Children's songs, English 
700 1 |a Oblinger, Mark ,   |e composer 
700 1 |a Stevanovic, Tanja ,   |e illustrator 
999 |a 0000604688   |b Buku   |c Koleksi Pinjaman Kanak-Kanak   |e Perbadanan Perpustakaan Awam Melaka 
999 |a 0000604689   |b Buku   |c Koleksi Pinjaman Kanak-Kanak   |e Perpustakaan Cawangan Jasin 
999 |a 0000604690   |b Buku   |c Koleksi Pinjaman Kanak-Kanak   |e Perpustakaan Cawangan Masjid Tanah 
999 |a 0000604691   |b Buku   |c Koleksi Pinjaman Kanak-Kanak   |e Perpustakaan Cawangan Merlimau 
999 |a 0000604692   |b Buku   |c Koleksi Pinjaman Kanak-Kanak   |e Perpustakaan Komuniti Element Mall 
999 |a 0000604693   |b Buku   |c Koleksi Pinjaman Kanak-Kanak   |e Perbadanan Perpustakaan Awam Melaka